OpenGL superbible : the complete guide to OpenGL programming for Windows NT and Windows 95 /

Guardado en:
Autor Principal: Wright, Richard S., 1965-
Otros Autores: Sweet, Michael, 1969-
Formato: Libro
Idioma:English
Publicado: Corte Madera, CA : Waite Group Press, c1996.
Materias:
Etiquetas: Agregar Etiqueta
Sin Etiquetas, Sea el primero en etiquetar este registro!
LEADER 01125cam a2200301 a 4500
001 DCC.dcic000751
008 960501s1996####caua#####b####001#0#eng##
005 20151124151531.0
245 1 0 |a OpenGL superbible :  |b the complete guide to OpenGL programming for Windows NT and Windows 95 /  |c Richard S. Wright, Jr. and Michael Sweet. 
260 |a Corte Madera, CA :  |b Waite Group Press,  |c c1996. 
300 |a xxix, 714 p. :  |b il. ;  |c 23 cm. 
538 |a System requirements for accompanying computer disc: IBM compatible PC. 
504 |a Incluye referencias bibliográficas e índice. 
020 |a 1571690735 
100 1 |a Wright, Richard S.,  |d 1965- 
700 1 |a Sweet, Michael,  |d 1969- 
082 0 0 |a 006.6/6  |2 21 
650 0 |a Computer graphics. 
630 0 0 |a OpenGL. 
650 0 |a Three-dimensional display systems. 
010 |a  96022645  
040 |a DLC  |c DLC  |d DLC 
050 0 0 |a T385  |b .W73 1996 
859 |a DCIC  |b BIB. COMPUTACION  |p 1100  |t 1 
859 |a DCIC  |b BIB. COMPUTACION  |p 1101  |t 2 
859 |a DCIC  |b BIB. COMPUTACION  |p 1102  |t 3 
859 |a DCIC  |b BIB. COMPUTACION  |p 1103  |t 4 
859 |a DCIC  |b BIB. COMPUTACION  |p 1507  |t 5